00620nam a22001697a 450000500170000001000150001702000250003203500140005703700130007108200160008410000290010024500960012926000570022527001200028230000240040250000240042620190206111744.0 aENG-124745 a9788193376102c75.00 aEN-108277 bDBAD/PUB a364.2560954 aKashena, Asojiini Rachel aEnduring Loss:bstories from the kuki-naga conflict in manipur/cby Asojiini Rachel Kashena aGuwahatibNorth eastern social research centrec2017 a2nd floor, Jagriti, Arunodoi Path, GMCH Road, Christian BastibGuwahatie781005k91-361-2340179mnesrcghy@gmail.com axii,83p.c21cm(Pbk) aincludes references